000 00763nam a2200205 i 4500
001 90373
003 ES-MaACL
005 20250723061835.0
007 t|
008 050120m19011903fr ||||1| fre d
100 1 _aLenel, Otto.
_971513
245 1 0 _aEssai de reconstitution de l'Édit perpétuel /
_cOtto Lenel,... ; ouvrage traduit en français par Frédéric Peltier,... sur un texte revu par l'auteur.
260 _aParis :
_bL. Larose,
_c1901-1903.
300 _a2 v. (XV-335, XI-329 p.) ;
_c24 cm.
505 8 _aContiene: 1. Le plan de l'édit. - 2. Les édits et les formules en particulier
650 0 7 _aDerecho romano
_2embne
_911764
700 1 _aPettier, Frédéric.
_991567
852 _aES-MaACL
_jG-4992-93
999 _c90373
_d90373